000
00266nam a2200109Ia 4500
008
260210s9999 xx 000 0 und d
020
_a
9781604270686
100
_a
Vassigh
245
0
_a
Best Practices In Sustainable Building Design
260
_b
J.Ross
942
_c
PG
999
_c
14010
_d
14010